000 01301nam a22003257a 4500
005 20240530110402.0
008 150121s2010 ua opf f b 000 0 ara d
017 _a2009/20190
_bمصر . دار الكتب المصرية
020 _a9789773277500
040 _aEG-CaGPL
041 0 _aara
082 0 4 _221
_a709.1\
_bح ف
100 0 _aحنان عبدالفتاح مطاوع
245 1 2 _aالفنون الاسلامية الايرانية و التركية /
_cحنان عبدالفتاح مطاوع
250 _aط 1
260 _aالاسكندرية :
_bدار الوفاء لدنيا الطباعة و النشر ،
_c2010
300 _a365 ص :
_bصور ؛
_c24 سم
504 _aببليوجرافية : ص 363 - 365
650 0 4 _aالفن الاسلامى
_zايران
650 0 4 _aالخزف
650 0 4 _aالخزف التركى
650 0 4 _aالمنسوجات الايرانية
650 0 4 _aالمنسوجات
_yالعصر العثمانى
650 0 4 _aالجداريات
_zايران
_yالعصر الاسلامى
650 0 4 _aالعمارة الاسلامية
_zتركيا
650 0 4 _aالعمارة الاسلامية
_zايران
650 0 4 _aالفن الاسلامى
_zتركيا
942 _2ddc
_cBK
999 _c60277
_d60277